000 00373nam a22001577a 4500
003 MPLRDC
005 20220104143311.0
008 210129b ||||| |||| 00| 0 eng d
082 _a820.9 DNY v.1
100 _a不详
245 _a中国文学史要. 上册
_c
260 _a
_b吉隆坡东南亚出版社
_c
300 _b
650 _a
942 _cBK
_o820.9 DNY v.1
999 _c38565
_d38555